| 000 | 00574nam a2200193Ia 4500 | ||
|---|---|---|---|
| 003 | GCL | ||
| 008 | 140319s9999 xx 000 0 ara d | ||
| 040 |
_aGCL / _cGCL |
||
| 082 | 0 | 4 |
_a889.3 _bا ن |
| 100 | 1 | _aعبدالمعطى شعراوى | |
| 245 | 1 | 0 |
_aالنص الكامل لتراجيديا الفرس / _cعبدالمعطى شعراوى |
| 700 | 1 | _aايسخيلوس | |
| 300 | _a153 ص | ||
| 490 | _a | ||
| 650 | 0 | 4 | _aالادب اليونانى |
| 650 | 0 | 4 | _aالمسرحيات اليونانية |
| 650 | 0 | 4 | _aالمسرح - اليونان |
| 942 |
_2ddc _cBK |
||
| 999 |
_c41664 _d41664 |
||